书目信息 |
| 题名: |
建筑工程安全技术与管理实务
|
|
| 作者: | 沈万岳 主编 | |
| 分册: | ||
| 出版信息: | 北京 北京大学出版社 2021.01 |
|
| 页数: | 406页 | |
| 开本: | 26cm | |
| 丛书名: | ||
| 单 册: | ||
| 中图分类: | TU714 | |
| 科图分类: | ||
| 主题词: | 建筑工程--jian zhu gong cheng--安全技术--高等职业教育--教材 | |
| 电子资源: | ||
| ISBN: | 978-7-301-31610-8 | |
| 000 | 01285nam0 2200289 450 | |
| 001 | CAL 0120203112866 | |
| 005 | 20201228152609.4 | |
| 010 | @a978-7-301-31610-8@dCNY65.00 | |
| 100 | @a20201225d2021 em y0chiy0120 ea | |
| 101 | 0 | @achi |
| 102 | @aCN@b110000 | |
| 105 | @aak a 000yy | |
| 106 | @ar | |
| 200 | 1 | @a建筑工程安全技术与管理实务@Ajian zhu gong cheng an quan ji shu yu guan li shi wu@f主编沈万岳 |
| 205 | @a第2版 | |
| 210 | @a北京@c北京大学出版社@d2021.01 | |
| 215 | @a406页@c图@d26cm | |
| 300 | @a北大版 | |
| 320 | @a有书目 | |
| 330 | @a全书共分13章, 主要包括安全生产管理、基坑支护和土方作业安全技术、脚手架工程安全技术、高处作业安全技术、垂直运输机械安全技术、其他建筑机械安全技术、拆除工程安全技术、施工现场临时用电安全技术、文明施工与环境保护、季节性施工安全技术、安全事故管理、建设工程安全生产法律法规和施工现场安全技术资料。为方便教学和复习, 每章配有课程标准、章节导读、特别提示、本章小结和思考与拓展题模块, 以便有效地理解、总结和复习。 | |
| 333 | @a“十三五”职业教育规划教材 高职高专土建专业“互联网+”创新规划教材 | |
| 606 | 0 | @a建筑工程@Ajian zhu gong cheng@x安全技术@x高等职业教育@j教材 |
| 690 | @aTU714@v5 | |
| 701 | 0 | @a沈万岳@Ashen wan yue@4主编 |
| 801 | 0 | @aCN@b人天书店@c20201225 |
| 803 | @a高职 | |
| 905 | @aTSG@b0000405@dTU714@eS428@f2 | |
| 建筑工程安全技术与管理实务/主编沈万岳.-第2版.-北京:北京大学出版社,2021.01 |
| 406页:图;26cm |
| 北大版.-使用对象:“十三五”职业教育规划教材 高职高专土建专业“互联网+”创新规划教材 |
| ISBN 978-7-301-31610-8:CNY65.00 |
| 全书共分13章, 主要包括安全生产管理、基坑支护和土方作业安全技术、脚手架工程安全技术、高处作业安全技术、垂直运输机械安全技术、其他建筑机械安全技术、拆除工程安全技术、施工现场临时用电安全技术、文明施工与环境保护、季节性施工安全技术、安全事故管理、建设工程安全生产法律法规和施工现场安全技术资料。为方便教学和复习, 每章配有课程标准、章节导读、特别提示、本章小结和思考与拓展题模块, 以便有效地理解、总结和复习。 |
| ● |
| 相关链接 |
|
|
|
正题名:建筑工程安全技术与管理实务
索取号:TU714/S428
 
预约/预借
| 序号 | 登录号 | 条形码 | 馆藏地/架位号 | 状态 | 备注 |
| 1 | 1537615 | 215376153 | 建筑库201/201建筑库 26排1列2层/ [索取号:TU714/S428] | 在馆 | |
| 2 | 1537616 | 215376162 | 建筑库201/201建筑库 26排1列2层/ [索取号:TU714/S428] | 在馆 |